000
00349nam a2200157Ia 4500
008
210210b1903 xxu||||| |||| 00| 0 eng d
041
_a
eng
082
_a
930/134
100
_a
IHNE
245
_a
Early Rome
260
_a
London
_b
Longman Green & Co.
_c
1903
650
_a
Rome
650
_a
Early
690
_a
Ancient History
906
_a
025047
999
_c
150758
_d
150758